000 01103nam2a22002771 4500
001 RU\NLR\INFOCOMM31\1000008589
005 20250806205221.0
035 _a(NLR Aleph) 002485061
090 _a1559
_c1559
100 _a20031215d1944 u y0rusy50 ca
101 0 _arus
102 _aRU
105 _ay |||||||||
200 1 _aВертикальная структура атмосферы в западном секторе Советской Арктики
_fГирс А.А.
210 _d1944
461 0 _1001RU\NLR\INFOCOMM31\1000008412
_12001#$aТруды Государственного научного центра Российской Федерации Арктического и антарктического научно-исследовательского института$vТ.182
700 1 _aГирс
_bА.А.
_4070
801 1 _aRU
_bInfoComm
_c20031215
801 0 _aRU
_bNLR
_gPSBO
852 _aNLR
_jП7/286
942 _cISSUE
945 _aРоссийская национальная библиотека
980 _aNB
980 _aBV
980 _aRUSPER